000 00976cam a22002054a 4500
005 20250605164128.0
008 250528s ||||||||||||||||||||||||d
035 _a18515
020 _a415114896
040 _aGR-AtMCL
_bgre
_dGR-AtMCL
_eAACR2
245 1 _aMathematics for Business, Finance and Economics
250 _a1st
260 _bRouledge,
_c1994
300 _a818
520 _aA thorough introduction to mathematical concepts and methods used in the analysis of business management, finance and economics. Preface, Introduction, Straight Lines and Linear Equations, Linear Inequalities, Functions and Turning Points, Slopes and Derivatives and Turning Points, Functions of More than One Variable, Constrained Optimization with Lagrange Multipliers, Integration, Exponential and Logarithmic Functions, Matrices, Appendix: Optimization: Further Considerations, Index.
700 1 _aWilkes F.M
_91133
942 _cBK
999 _c3873
_d3873